Dom kultúry "Zrkadlový háj"

Enregistré dans:
Détails bibliographiques
Auteur principal: Cibereová, Martina, 1988- (Auteur)
Autres auteurs: Kočlík, Dušan, 1980- (Directeur de thèse)
Format: Manuscrit Livre
Langue:slovaque
Publié: Bratislava 2015
Sujets:
Accès en ligne:http://is.stuba.sk/zp/portal_zp.pl?podrobnosti=112674
Tags: Ajouter un tag
Pas de tags, Soyez le premier à ajouter un tag!

MARC

LEADER 00000ntm a22000003a 4500
001 stuzp52420
003 SK-STU
005 20210305064734.1
007 ta
008 150427s2015----xo-----f-mn---000-0-slo-d
040 |a STU  |b slo 
041 0 |a slo 
100 1 |a Cibereová, Martina,  |d 1988-  |u 055150  |4 aut  |U FA Fakulta architektúry  |U FAD Fakulta architektúry  |T FA Ústav interiéru a výstavníctva  |X 68904  |U A5150  |Y 396  |7 A000068904 
242 0 1 |a Dom kultúry "Zrkadlový háj"  |y eng 
245 1 0 |a Dom kultúry "Zrkadlový háj" 
260 |c 2015  |a Bratislava 
650 4 |a vinylová podlaha  |2 slo 
650 4 |a variabilita  |2 slo 
650 4 |a jednoduchosť  |2 slo 
650 4 |a posuvné priečky  |2 slo 
650 4 |a vinyl flooring  |2 eng 
650 4 |a shifting partitions  |2 eng 
650 4 |a functionality  |2 eng 
650 4 |a variability  |2 eng 
700 1 |a Kočlík, Dušan,  |d 1980-  |4 ths  |X 42575  |7 A000042575 
856 4 |u http://is.stuba.sk/zp/portal_zp.pl?podrobnosti=112674  |u https://opac.crzp.sk/?fn=detailBiblioForm&sid=A7BD2F096A49022F25CC9837FE46 
SQL |a stuzp52420  |b DDP  |c SLO  |d Dom kultúry "Zrkadlový háj"  |e 68904  |f Cibereová, Martina  |g 055150  |h 42575  |i Kočlík, Dušan  |j 20150603  |k 640  |l 05  |m http://is.stuba.sk/zp/portal_zp.pl?podrobnosti=112674  |n I-DZ  |o 2.2.6. dizajn